书目信息 |
| 题名: |
马克思 恩格斯 列宁 斯大林论宗教
|
|
| 作者: | ;中国社会科学院世界宗教研究所 编 | |
| 分册: | ||
| 出版信息: | 北京 中国社会科学出版社 1979 |
|
| 页数: | 627页 | |
| 开本: | 19cm | |
| 丛书名: | ||
| 单 册: | ||
| 中图分类: | A563 | |
| 科图分类: | ||
| 主题词: | 马列著作-宗教学 , 宗教学-马列著作 | |
| 电子资源: | ||
| ISBN: | 1190.003 | |
| 000 | 00903nam0 2200265 450 | |
| 001 | 0179003638 | |
| 005 | 20100712215545.0 | |
| 010 | @a1190.003@dCNY1.25 | |
| 091 | @a1190.003 | |
| 100 | @a19950714d1979 em y0chiy0110 ea | |
| 101 | 0 | @achi |
| 102 | @aCN@b110000 | |
| 105 | @ay z 000yy | |
| 106 | @ar | |
| 200 | 1 | @a马克思 恩格斯 列宁 斯大林论宗教@9Ma Ke Si;Sai En Ge Si Lie Ning Si Da;Dai Lin Lun Zong Jiao @f中国社会科学院世界宗教研究所编 |
| 210 | @a北京@c中国社会科学出版社@d1979 | |
| 215 | @a627页@d19cm | |
| 300 | @a内部发行 | |
| 517 | 1 | @a马克思恩格斯列宁斯大林论宗教@9ma ke si en ge si lie ning si da lin lun zong jiao |
| 606 | 0 | @a马列著作-宗教学 |
| 606 | 0 | @a宗教学-马列著作 |
| 690 | @aA563@v3 | |
| 711 | 02 | @a中国社会科学院世界宗教研究所@9zhong guo she hui ke xue yuan shi jie zongjiao yan jiu suo@4编 |
| 801 | 0 | @aCN@bAzMarc@c20130904 |
| 905 | @aBZT@dA563@e2@f1@sA563/2 | |
| 马克思 恩格斯 列宁 斯大林论宗教/中国社会科学院世界宗教研究所编.-北京:中国社会科学出版社,1979 |
| 627页;19cm |
| 内部发行 |
| ISBN 1190.003:CNY1.25 |
| ● |
| 相关链接 |
|
|
|
正题名:马克思 恩格斯 列宁 斯大林论宗教
索取号:A563/2
 
预约/预借
| 序号 | 登录号 | 条形码 | 馆藏地/架位号 | 状态 | 备注 |
| 1 | 2000103463 | 2000103463 | 旧书回溯/ [索取号:A563/2] | 在馆 |